Ч. 2; Плазменные процессы и технологии

Бібліографічні деталі
Parent link:Каренгин, Александр Григорьевич. Плазменные процессы и технологии: учебное пособие/ А. Г. Каренгин; Томский политехнический университет (ТПУ). Ч. 2.— .— Томск: Изд-во ТПУ, 2008
Автор: Каренгин А. Г. Александр Григорьевич
Співавтор: Томский политехнический университет
Резюме:В пособии рассмотрены различные процессы и технологии переработки веществ в газообразной, жидкой и твердой фазах в условиях низкотемпературной плазмы, в том числе: денитрация водносолевых (нитратных) растворов металлов для получения простых и сложных оксидных композиций, обладающих специальными свойствами; получение оксидов природного и регенерированного урана из растворов, реэкстрактов и расплавов гидратированных солей; конверсия отвального гсксафторида урана; вскрытие руд, рудных концентратов и минералов с получением металлов и оксидов металлов, плазменные технологии и оборудование для переработки жидких и твердых радиоактивных отходов. Приведены основные технико-экономические показатели этих процессов. Предназначено для магистрантов, обучающихся по магистерской программе «Физика кинетических явлений», а также будет полезно студентам, обучающихся по специальности 140303 «Физика кинетических явлений» направления 651000 «Ядерная физика и технологии».
Мова:Російська
Опубліковано: 2009
Предмети:
Формат: MixedMaterials Книга
KOHA link:https://koha.lib.tpu.ru/cgi-bin/koha/opac-detail.pl?biblionumber=198954

MARC

LEADER 00000nam2a2200000 4500
001 198954
005 20250409120636.0
035 |a (RuTPU)RU\TPU\book\216968 
090 |a 198954 
100 |a 20110714d2009 m y0rusy50 ca 
101 0 |a rus 
102 |a RU 
105 |a a j 001zy 
200 0 |a Ч. 2 
210 |d 2009 
215 |a 144 с.  |c ил. 
320 |a Библиогр.: с. 143. 
330 |a В пособии рассмотрены различные процессы и технологии переработки веществ в газообразной, жидкой и твердой фазах в условиях низкотемпературной плазмы, в том числе: денитрация водносолевых (нитратных) растворов металлов для получения простых и сложных оксидных композиций, обладающих специальными свойствами; получение оксидов природного и регенерированного урана из растворов, реэкстрактов и расплавов гидратированных солей; конверсия отвального гсксафторида урана; вскрытие руд, рудных концентратов и минералов с получением металлов и оксидов металлов, плазменные технологии и оборудование для переработки жидких и твердых радиоактивных отходов. Приведены основные технико-экономические показатели этих процессов. Предназначено для магистрантов, обучающихся по магистерской программе «Физика кинетических явлений», а также будет полезно студентам, обучающихся по специальности 140303 «Физика кинетических явлений» направления 651000 «Ядерная физика и технологии». 
461 1 |0 30384  |9 30384  |a Каренгин, Александр Григорьевич  |t Плазменные процессы и технологии  |o учебное пособие  |f А. Г. Каренгин  |g Томский политехнический университет (ТПУ)  |c Томск  |n Изд-во ТПУ  |d 2008  |s Инновационная образовательная программа  |v Ч. 2 
606 1 |a Плазмохимические процессы  |2 stltpush  |3 (RuTPU)RU\TPU\subj\69389  |9 84255 
610 1 |a химические технологии 
610 1 |a плазмохимические процессы 
610 1 |a закалка 
610 1 |a разделение 
610 1 |a обезвреживание 
610 1 |a плазмохимические технологии 
610 1 |a плазмообразующие газы 
610 1 |a сырье 
610 1 |a твердые фазы 
610 1 |a жидкие фазы 
610 1 |a газовые фазы 
610 1 |a переработка 
610 1 |a плазма 
610 1 |a учебные пособия 
610 1 |a труды учёных ТПУ 
675 |a 66.011:533.9(075.8)  |v 3 
700 1 |a Каренгин  |b А. Г.  |c физик  |c доцент Томского политехнического университета, кандидат физико-математических наук  |f 1950-  |g Александр Григорьевич  |9 10751 
712 0 2 |a Томский политехнический университет  |c (1991-2009)  |9 23382 
801 1 |a RU  |b 63413507  |c 20110714 
801 2 |a RU  |b 63413507  |c 20110715  |g RCR 
942 |c BK